000 00215 a2200097 4500
001 45607
100 _aBerger, T
245 _aRegiment of women
260 _aNew York
_bDell publishing co
_c
090 _c28772
_d28772
942 _aNUST-CAE
_cM
_c20860
999 _c280680
_d280680